| 000 | 00608nam a2200217Ia 4500 | ||
|---|---|---|---|
| 999 |
_c1836 _d1836 |
||
| 003 | DO-SdBJH | ||
| 005 | 20180712192136.0 | ||
| 008 | 171116s9999 dr 000 0 spa d | ||
| 020 | _a84-6663-1064-9 | ||
| 040 |
_aDO-SdBJH _bspa _cDO-SdBJH |
||
| 041 | _bspa | ||
| 082 |
_a808.3 _bM385v 2003 |
||
| 100 | 1 | _aMartínez, Tomás Eloy | |
| 245 | 1 | 0 |
_aEl vuelo de la reina / _cTomás Eloy Martínez |
| 260 |
_aMadrid España : _bSantillana, _c2003 |
||
| 300 | _a313 páginas | ||
| 650 | 4 | _aNovela - literatura | |
| 942 |
_2ddc _cBK |
||